000 00413nam a2200157Ia 4500
008 230312s9999||||xx |||||||||||||| ||und||
020 _a0-201-30559-3
082 _a004
_bCAP-C
100 _aCapron, H.L
245 0 _aComputers
260 _bAddison-wesley longman
_aNew york
_c1998
300 _a1-8
546 _aEng.
650 _aComputer
_voverview of computers,hardware tools ,internet tools
942 _cBK
999 _c3350
_d3350